000 00329nam a2200121 a 4500
005 20140414093847.0
008 100223s19uu xx 00 eng d
050 _aCDB 330
_bPRI 2005
245 _aPrinciples of Economics 7E / case & fair :
_bInstructor's resource CD.
650 _aEconomics.
942 _cAVM
999 _c109649
_d109649